000 00566nam a22001817a 4500
003 0
005 20240928101801.0
008 240928b xxu||||| |||| 00| 0 eng d
020 _a978-1-5297-4278-7
050 _aHF 5415.1265
_b.H36 2022
100 _aHanlon, Annmarie
245 _aDigital marketing :
_b your step-by-step guide
_cHanlon, Annmarie
260 _aLos Angeles
_bSage
_cC2022
300 _a154p. :
_bill. ; col. :
_c22cm.
500 _aInternet marketing --handbooks, manuals, etc.
650 _aIncludes bibliographical references.
942 _2lcc
_cBK
999 _c366412
_d366412